00883nam a22001577a 4500999001900000008004100019100002700060245012700087260003700214300003200251520027400283773003700557906001700594942000700611952010700618 c527457d527457240830b ||||| |||| 00| 0 eng d aBetts, Julian 947276 aDomina, Thurston; Andrew M. Penner, and Emily K. Penner. Schooled and sorted: How educational categories create inequality aJournal of Economic Literature  a62(2), Jun, 2024: p.807-809 aBetts, Julian. 2024. "Domina, Thurston; Andrew M. Penner, and Emily K. Penner. Schooled and Sorted: How Educational Categories Create Inequality." Journal of Economic Literature, 62 (2): 807–09.- Reproduced https://www.aeaweb.org/articles?id=10.1257/jel.62.2.807.  aJournal of Economic Literature  aBOOK REVIEW  cAR 00102ddc40709402544aIIPAbIIPAd2024-08-30h62(2), Jun, 2024: p.807-809pAR132898r2024-08-30yAR